| 000 | 00693nam a2200253Ia 4500 | ||
|---|---|---|---|
| 003 | OSt | ||
| 005 | 20221007064738.0 | ||
| 006 | a|||||r|||| 00| 0 | ||
| 007 | ta | ||
| 008 | 221006b |||||||| |||| 00| 0 eng d | ||
| 024 | _a7,342 | ||
| 037 | _cTextual | ||
| 040 |
_aFLL _cFLL _beng |
||
| 041 |
_2eng _aeng |
||
| 082 | _aZ2qN501, K0.11 | ||
| 110 |
_aMinistry of law (India) _9686210 |
||
| 245 | 0 | _aGernal statutory rules and orders | |
| 260 |
_aDelhi _bManager government of india India _c1966 |
||
| 300 |
_a623p,xcii _ccm. |
||
| 490 | _vVol. XI | ||
| 700 |
_aMinistry of law (India) _9686211 |
||
| 942 |
_hZ2qN501, K0.11 _cTEXL _2CC |
||
| 999 |
_c1135215 _d1135215 |
||